| 000 | 00000nam##2200000za#4500 |
| 001 | 9.588061 |
| 003 | CaOODSP |
| 005 | 20210624194934 |
| 007 | cr ||||||||||| |
| 008 | 150406|2000||||xxc|||||o f|0| 0 eng|d |
| 040 | |aCaOODSP|beng |
| 041 | |aeng |
| 041 | |afre |
| 043 | |an-cn--- |
| 086 | 1 |aH12-30/113-PDF |
| 110 | 1 |aCanada.|bHealth Canada. |bTherapeutic Products Programme. |
| 245 | 10|aCleaning of reusable resuscitators and PEEP valves |h[electronic resource] |
| 260 | |aOttawa - Ontario : |bHealth Canada. |
| 300 | |a3p. |
| 490 | 1 |aAlert - medical devices |vM.D.A. No. 113 (September 7, 2000) |
| 590 | |a12-08-Supp|b2012-03-16 |
| 776 | 0#|tNettoyage des réanimateurs et des valves de PEP réutilisables |w(CaOODSP)9.534731 |
| 792 | |tNettoyage des réanimateurs et des valves de PEP réutilisables |efre|w(CaOODSP)9.588062 |
| 830 | #0|aAlert - medical devices ;|vM.D.A. No. 113 (September 7, 2000)|w(CaOODSP)9.500603 |
| 856 | 40|ahttp://publications.gc.ca|qPDF|s35 KB|uhttps://publications.gc.ca/collections/Collection/H12-30-113.pdf|yM.D.A. No. 113 (September 7, 2000) |